[Event "Hello Sakk Cup Alekhine"]
[Site "Tornelo INT"]
[Date "2021.02.20"]
[Round "2"]
[White "Geher, Koppany"]
[Black "Gombocz, Ferenc Jr"]
[Result "1/2-1/2"]
[WhiteElo "2298"]
[BlackElo "2295"]
[PlyCount "93"]
[EventDate "2021.02.20"]
[EventType "tourn (rapid)"]
[EventRounds "7"]
[EventCountry "HUN"]
[SourceTitle "CBM 200 Extra"]
[Source "ChessBase"]
[SourceDate "2021.03.31"]
[SourceVersion "1"]
[SourceVersionDate "2021.03.31"]
[SourceQuality "1"]

1. e4 e5 2. Nf3 Nc6 3. Bb5 a6 4. Ba4 d6 5. c3 Bd7 6. 0-0 g6 7. d4 Bg7 8. Re1 Nf6 9. h3 0-0 10. Nbd2 Re8 11. Bb3 Na5 12. Bc2 Qe7 13. Nf1 Qf8 14. Ng3 Bh6 15. Bxh6 Qxh6 16. a4 Rad8 17. b4 Nc6 18. b5 Nb8 19. Bd3 a5 20. Qb3 b6 21. Bc4 Be6 22. dxe5 dxe5 23. Nxe5 Bxc4 24. Nxc4 Nbd7 25. Qc2 Nc5 26. Rad1 Rxd1 27. Rxd1 Nfxe4 28. Nxe4 Nxe4 29. Re1 Nf6 30. Rxe8+ Nxe8 31. Qe4 Nf6 32. Qd4 Qc1+ 33. Kh2 Kg7 34. Ne5 Qe1 35. g3 Qe4 36. Nc6 Qxd4 37. Nxd4 Ne4 38. c4 Nxf2 39. c5 bxc5 40. Nb3 Ne4 41. Nxa5 Nc3 42. Nb3 c4 43. Nd2 Nxa4 44. Nxc4 Nc3 45. b6 cxb6 46. Nxb6 f5 47. Nc4 1/2-1/2

[Event "Budapest FS02 IM"]
[Site "Budapest"]
[Date "2021.02.08"]
[Round "3"]
[White "Sanz Wawer, Daniel"]
[Black "Geher, Koppany"]
[Result "1/2-1/2"]
[WhiteElo "2285"]
[BlackElo "2298"]
[PlyCount "104"]
[EventDate "2021.02.06"]
[EventType "tourn"]
[EventRounds "9"]
[EventCountry "HUN"]
[EventCategory "2"]
[SourceTitle "CBM 200 Extra"]
[Source "ChessBase"]
[SourceDate "2021.03.31"]
[SourceVersion "1"]
[SourceVersionDate "2021.03.31"]
[SourceQuality "1"]

1. e4 e6 2. d4 d5 3. Nd2 c5 4. exd5 Qxd5 5. Ngf3 cxd4 6. Bc4 Qd7 7. 0-0 Nc6 8. Nb3 a6 9. Nbxd4 Nxd4 10. Nxd4 Qc7 11. Bb3 Bd6 12. h3 Ne7 13. Be3 0-0 14. a4 Ng6 15. Qf3 Bd7 16. Rad1 Rae8 17. Qh5 Bh2+ 18. Kh1 Bf4 19. Rfe1 h6 20. Bxf4 Nxf4 21. Qe5 Qxe5 22. Rxe5 Rd8 23. c3 g5 24. Kh2 Kg7 25. Rc5 Rc8 26. Rxc8 Bxc8 27. g3 Ng6 28. Nc2 Kf6 29. Ne3 Ke7 30. Bc2 Bd7 31. Nc4 b5 32. axb5 axb5 33. Ne3 Ne5 34. f4 Nc4 35. Nxc4 bxc4 36. Be4 Rb8 37. Rd2 Bc8 38. Kg2 Rb6 39. Kf2 f5 40. Bf3 Kf6 41. Ke3 e5 42. fxe5+ Kxe5 43. Rd5+ Kf6 44. Rc5 Be6 45. Be2 Rxb2 46. Bxc4 Bxc4 47. Rxc4 Rg2 48. Kf3 Rh2 49. Rc6+ Ke5 50. Rc5+ Ke6 51. Rc6+ Ke5 52. Rc5+ Ke6 1/2-1/2

[Event "Budapest FS11 IM"]
[Site "Budapest"]
[Date "2020.11.10"]
[Round "4"]
[White "Geher, Koppany"]
[Black "Tancsa, Tamas"]
[Result "1-0"]
[WhiteElo "2319"]
[BlackElo "2092"]
[PlyCount "145"]
[EventDate "2020.11.07"]
[EventType "tourn"]
[EventRounds "9"]
[EventCountry "HUN"]
[SourceTitle "CBM 199 Extra"]
[Source "ChessBase"]
[SourceDate "2021.01.31"]
[SourceVersion "1"]
[SourceVersionDate "2021.01.31"]
[SourceQuality "1"]

1. e4 e5 2. Nf3 Nc6 3. Bb5 a6 4. Ba4 Nf6 5. 0-0 Be7 6. Re1 b5 7. Bb3 0-0 8. a4 b4 9. a5 d6 10. d3 Be6 11. Bxe6 fxe6 12. Nbd2 Re8 13. c3 bxc3 14. bxc3 Bf8 15. d4 exd4 16. cxd4 Rb8 17. Nc4 Rb4 18. Qd3 d5 19. exd5 Qxd5 20. Ne3 Qb5 21. Qxb5 Rxb5 22. Bd2 Rd8 23. Rec1 Nxd4 24. Nxd4 Rxd4 25. Bc3 Rd7 26. Bxf6 gxf6 27. Rc6 Rd6 28. Rxc7 Rb2 29. g3 Rdd2 30. Rf1 Ra2 31. Ng4 Bg7 32. Rb1 Rab2 33. Rxb2 Rxb2 34. Rc6 Rb5 35. Rxa6 f5 36. Ne3 Bd4 37. Nc2 Bc5 38. Rxe6 Rxa5 39. Kg2 Kf7 40. Rc6 Be7 41. Ne3 Bf6 42. Kf3 Bd4 43. Rc7+ Kg6 44. Rc6+ Kf7 45. Nc4 Rc5 46. Nd6+ Kg6 47. Ra6 Kg7 48. Ra4 Bf6 49. g4 fxg4+ 50. Rxg4+ Kh6 51. h3 Rc3+ 52. Kg2 Rd3 53. Nf5+ Kh5 54. Ng3+ Kh6 55. Ne4 Be7 56. f3 Ra3 57. Kg3 Bd8 58. Rg8 Bc7+ 59. Kg4 Ra2 60. Kf5 Ra5+ 61. Kg4 Ra2 62. Kh4 Ra3 63. Nf6 Bd8 64. Rxd8 Rxf3 65. Ng4+ Kg7 66. Rd7+ Kg8 67. Nh6+ Kh8 68. Kg4 Rg3+ 69. Kf5 Rxh3 70. Kf6 Rxh6+ 71. Kf7 Rg6 72. Rd8+ Rg8 73. Rxg8# 1-0

[Event "Budapest FS11 IM"]
[Site "Budapest"]
[Date "2020.11.07"]
[Round "1"]
[White "Terbe, Julianna"]
[Black "Geher, Koppany"]
[Result "1/2-1/2"]
[WhiteElo "2269"]
[BlackElo "2319"]
[PlyCount "150"]
[EventDate "2020.11.07"]
[EventType "tourn"]
[EventRounds "9"]
[EventCountry "HUN"]
[SourceTitle "CBM 199 Extra"]
[Source "ChessBase"]
[SourceDate "2021.01.31"]
[SourceVersion "1"]
[SourceVersionDate "2021.01.31"]
[SourceQuality "1"]

1. d4 d5 2. Nf3 Nf6 3. Bf4 e6 4. e3 c5 5. Nbd2 Bd6 6. dxc5 Bxc5 7. c4 0-0 8. Bd3 Nc6 9. 0-0 Nb4 10. Bb1 dxc4 11. Nxc4 Qxd1 12. Rxd1 Bd7 13. a3 Nbd5 14. Bg3 Ba4 15. Rc1 Rac8 16. Bd3 Rfd8 17. b4 Be7 18. e4 Nxb4 19. axb4 Rxd3 20. Nfe5 Rd4 21. Rxa4 b5 22. Rxa7 Bxb4 23. Nxf7 bxc4 24. h3 Rxe4 25. Ng5 Re2 26. Kf1 Rd2 27. Nxe6 Rd7 28. Ra4 Rb7 29. Rb1 Nd5 30. Nf4 Nxf4 31. Bxf4 Rf7 32. Raxb4 Rxf4 33. Rb8 Rff8 34. Rxc8 Rxc8 35. Ke2 Ra8 36. Rb2 Kf7 37. Rc2 Ra4 38. Ke3 Ke6 39. Kd4 Ra1 40. Rxc4 Rg1 41. g3 Rh1 42. h4 Re1 43. Rc3 Kf6 44. Rf3+ Kg6 45. Re3 Rf1 46. Re2 Ra1 47. Ke5 Ra5+ 48. Kf4 Rf5+ 49. Ke4 h5 50. Rd2 Rf6 51. Ke5 Rf5+ 52. Ke6 Rf6+ 53. Ke7 Rf7+ 54. Ke8 Rf3 55. Rc2 Rf6 56. f4 Re6+ 57. Kf8 Rf6+ 58. Ke7 Ra6 59. Rc5 Ra7+ 60. Ke6 Ra6+ 61. Ke5 Ra3 62. f5+ Kh7 63. Rc7 Ra5+ 64. Ke6 Ra6+ 65. Ke7 Ra5 66. f6 gxf6 67. Kxf6+ Kh6 68. Rc6 Kh7 69. Rc3 Ra6+ 70. Kf5 Ra5+ 71. Kf4 Ra4+ 72. Kf3 Kh6 73. Re3 Ra6 74. Re4 Kg6 75. Rd4 Kh6 1/2-1/2